000 00324nam a2200133Ia 4500
008 240624s9999 xx 000 0 und d
041 _aeng
082 _a300.051 LEO
100 _aLEONARD MARK
245 _aWHAT DOES CHINA THINK
260 _c2008
_aLondon
_bFourth Estate
300 _a164 : p. : cm. ; 20
365 _cRS
_b20
999 _c9650
_d9650